000 00291nam a2200121Ia 4500
008 190216s9999||||xx |||||||||||||| ||und||
100 _aHoffer Jeffreyetc.
245 0 _aModern Database And Management
260 _bPearson Education Asia
300 _a638
650 _aCommerce
942 _cBK
999 _c6595
_d6595